000 00925nam a2200241 a 4500
001 37782
003 BD-RjUL
005 20211209052644.0
008 150305s1978 bg a|||| b||| 00| 0 ben d
035 _a(BD-RjUL)37887
040 _aBD-RjUL
_bben
_cBD-RjUL
_dBD-RjUL
041 _aben
082 _221
_a307.772095492
_bSAA 1978
100 _aসাত্তার, আবদুস
_9116229
245 _aআদিবাসী সংস্কৃতি ও সাহিত্য /
_cআবদুস্ সাত্তার
250 _a১ম. সং.
260 _aঢাকা :
_bবাংলা একাডেমী,
_c১৯৭৮
300 _a৪১৫ পৃ. :
_bচিত্র ;
_c২২ সেমি.
504 _aগ্রন্থপঞ্জী সংযুক্ত।
650 _aউপজাতি
_zবাংলাদেশ
_9116230
650 _aTribes
_zBangladesh
_9116231
942 _2ddc
_cBK
_01
999 _c37782
_d37782